Návrh využitia kalkulácii ako nástroja controllingu nákladov pre zvýšenie hospodárnosti ŽOS TRNAVA, a.s.

Gespeichert in:
Bibliographische Detailangaben
1. Verfasser: Moravanský, Milan (Verfasst von)
Weitere Verfasser: Baran, Dušan (Betreuung Doktorarbeit)
Format: Manuskript Buch
Sprache:Slowakisch
Veröffentlicht: 2016
Schlagworte:
Online-Zugang:http://is.stuba.sk/zp/portal_zp.pl?podrobnosti=112493
Tags: Tag hinzufügen
Keine Tags, Fügen Sie das erste Tag hinzu!

MARC

LEADER 00000ntm a22000003a 4500
001 stuzp56659
003 SK-STU
005 20160719155046.0
007 ta
008 150427s2015----xo-----f-mn---000-0-slo-d
040 |a STU  |b slo 
041 0 |a slo 
100 1 |a Moravanský, Milan  |u 064000  |4 aut  |U MTF Materiálovotechnologická fakulta  |T MTF Ústav priemyselného inžinierstva a manažmentu  |X 65597  |U M4000  |Y 84  |7 65597 
242 0 1 |a Calculation exploitation proposal as a tool of expense controlling for ŽOS TRNAVA, a.s. enterprise economization increasing  |y eng 
245 1 0 |a Návrh využitia kalkulácii ako nástroja controllingu nákladov pre zvýšenie hospodárnosti ŽOS TRNAVA, a.s. 
260 |c 2016 
650 4 |a členenie nákladov  |2 slo 
650 4 |a controlling  |2 slo 
650 4 |a controlling nákladov  |2 slo 
650 4 |a kalkulácie nákladov  |2 slo 
650 4 |a controlling costs  |2 eng 
650 4 |a controlling  |2 eng 
650 4 |a costing  |2 eng 
650 4 |a cost breakdown  |2 eng 
700 1 |a Baran, Dušan  |u 064000  |k Z1  |4 ths  |U MTF Materiálovotechnologická fakulta  |T MTF Ústav priemyselného inžinierstva a manažmentu  |X 1021  |U M4000  |Y 84  |7 A000001021 
856 4 |u http://is.stuba.sk/zp/portal_zp.pl?podrobnosti=112493 
996 |c M* BP-7870  |l MMSKP  |s P  |a 0  |w stuzp56659_0001 
SQL |a stuzp56659  |b DBP  |c SLO  |d Návrh využitia kalkulácii ako nástroja controllingu nákladov pre zvýšenie hospodárnosti ŽOS TRNAVA, a.s.  |e 65597  |f Moravanský, Milan  |g 064000  |h 1021  |i Baran, Dušan  |j 20160621  |k 175  |l 06  |m http://is.stuba.sk/zp/portal_zp.pl?podrobnosti=112493  |n B-PMA  |o 5.2.52. priemyselné inžinierstvo